| 000 | 01338ctm a2200277 a 4500 | ||
|---|---|---|---|
| 003 | SA-RiAUC | ||
| 005 | 20241127143252.0 | ||
| 008 | 241127s2001 su g b 000r0 ara c | ||
| 040 |
_aSA-RiAUC _bara _cSA-RiAUC |
||
| 082 | 0 | 4 | _a251.6 |
| 090 |
_a251.6 _bج م ع |
||
| 100 | 1 |
_aجمعة، عبد المجيد، _d1965- |
|
| 245 | 1 | 2 |
_aالقواعد الفقهية المستخرجة من كتاب إعلام الموقعين للعلامة ابن قيم الجوزية / _cإعداد أبي عبد الرحمن عبد المجيد جمعة الجزائري ؛ تقديم بكر بن عبد الله أبو زيد. |
| 250 | _aط. 1. | ||
| 260 |
_aالدمام، السعودية : _bدار ابن القيم، _c2001 |
||
| 300 |
_a711 ص. ؛ _c24 سم. |
||
| 440 | 0 | _aرسائل جامعية | |
| 502 | _aأصلا أطروحة (ماجستير)-المعهد العالي لأصول الدين -الجزائر. | ||
| 504 | _aببليوجرافية : ص. 688-711. | ||
| 650 | 7 |
_aالقواعد الفقهية _2aucsh |
|
| 700 | 1 | 2 |
_aابن قيم الجوزية، محمد بن أبي بكر بن أيوب، _d691-751 هجري |
| 700 | 1 |
_aأبو زيد، بكر بن عبد الله، _d1365-1429 هجري _eمقدم. |
|
| 740 | 0 | 2 | _aإعلام الموقعين. |
| 942 |
_2ddc _cBOOK _n0 |
||
| 949 |
_aSA-JeALM _d241127 _uosman123 _n1 |
||
| 999 |
_c2818 _d2818 |
||